000 00311 a2200157 4500
001 186708
020 _a978-85-260-1732-0
040 _cMagnum
100 _aFrança, Mary
240 1 0 _aA cabra
_lpor
245 1 0 _aA cabra
300 _a15
362 0 _a2012
697 _aLITERATURA INFANTIL
942 _cBK
999 _c186708
_d186708